| 000 | 00839cam a22002291 4500 | ||
|---|---|---|---|
| 001 | med48000131 | ||
| 003 | DLC | ||
| 005 | 20260227111609.0 | ||
| 008 | 820626s1948 xx 000 0 eng | ||
| 010 | _amed48000131 | ||
| 035 | _a(OCoLC)14662808 | ||
| 040 |
_aDLC _cDNLM _dOCoLC _dDLC |
||
| 042 | _apremarc | ||
| 050 | 0 | 0 |
_aRA11 _b.B177 no. 203 |
| 060 | 0 | 0 |
_aW1 _bUN7392 no.203 |
| 100 | 1 |
_aVon Oettingen, W. F. _q(Wolfgang Felix), _d1888- |
|
| 245 | 1 | 4 |
_aThe toxicity and potential dangers of zinc phosphide and of hydrogen phosphide (phosphine); _ba review of the nonsecret, nonconfidential and nonrestricted literature. |
| 260 |
_a[Washington, _bU.S. Govt. Print. Off., _c1948] |
||
| 300 | _a17 p. | ||
| 410 | 1 | 0 |
_aUnited States. _bPublic Health Service. _tPublic health reports. _pSupplement _vno. 203 |
| 504 | _a"References": p. 15-17. | ||
| 999 |
_c38856 _d38856 |
||